القيامة أرضية أم كونية وقضايا أخرى / (رقم التسجيلة. 138179)

تفاصيل مارك
000 -الفاتح
عناصر البيانات ثابتة الطول 00595cam a2200169 i 4500
005 - تاريخ ووقت آخر معاملة
حقل ضبط 20251204125514.0
008 - عناصر البيانات ثابتة الطول
عناصر البيانات ثابتة الطول 250721s2017 ua gr 000 0 ara d
020 ## - الترقيم الدولي المعياري للكتب (ردمك)
الترقيم الدولي المعياري للكتب (ردمك) 9789776541559
082 14 - رقم تصنيف ديوي العشري
رقم التصنيف 214.5
رقم المادة ع ا ن
100 1# - مدخل رئيسي – اسم شخصي
الاسم الشخصي العاني، محمد صالح
علاقة الشخص بالعمل/ دوره مؤلف.
245 12 - بيان العنوان
العنوان القيامة أرضية أم كونية وقضايا أخرى /
بيان المسؤولية محمد صالح العاني.
264 31 - بيانات النشر، التوزيع…إلخ
اسم الناشر، الموزع...إلخ عصير الكتب ببنشر والتوزيع،
تاريخ النشر، التوزيع...إلخ 2017.
مكان النشر، التوزيع...إلخ [ القاهرة] :
300 ## - الوصف المادي
عدد الوحدات المكونة للوعاء 219 صفحة.
650 17 - مدخل إضافي بالموضوع - مصطلح موضوعي
مصطلح موضوعي أو اسم جغرافي كعنصر مدخل اليوم الاخر.
942 ## - بيانات إضافية (كوها)
نوع التنصيف Dewey Decimal Classification
نوع المادة (كوها) كتب
المقتنيات
حالة السحب حالة الفقدان مصدر التصنيف حالة التلف غير قابل للإعارة المكتبة الرئيسية المكتبة الحالية موقع الرف تاريخ التزويد الرقم المتسلسل Total Checkouts رقم الإستدعاء الباركود تاريخ آخر ظهور تاريخ الفاتورة نوع المادة (كوها)
    Dewey Decimal Classification     المكتبة المركزية المكتبة المركزية الإعارة 28/07/2025 1691226   214.5 / ع ا ن PLD00436586 28/07/2025 28/07/2025 كتب
Implemented & Customized by: BBB with SCIT (Smart Chains for Information Technology)

Powered by Koha